000 01169nam0a22002651 4500
001 v19\rc\1643370
005 20260405074456.0
035 _a(NLR Aleph) 005240684
090 _a5701050
_c5701050
100 _a20061002d1886 |||y0rusy50 ca
101 0 _arus
102 _aRU
105 _ay z |||||
200 1 _aУстав Лечебницы для приходящих больных и с постоянными кроватями врача Александра Николаевича Соколова в Москве
_e[Утв. 2 нояб. 1886 г.]
210 _aМосква
_d1886
215 _a7 с.
702 1 _4570
_8rus
_7ca
_aСоколов
_bА.Н.
_f1817-1903
_gАлександр Николаевич
_cсвященник
_3RU\NLR\AUTH\7726271
_99314
710 0 2 _aЛечебница для приходящих больных и с постоянными кроватями врача А.Н. Соколова
_cМосква
801 0 _aRU
_bNLR
_c20061002
_gpsbo
801 0 _aRU
_bRuMoRGB
_c20061002
_2psbo
801 1 _aRU
_bProSoft-M
_c20061002
_2rusmarc
801 2 _aRU
_bNLR
_c20070827
_2rusmarc
852 _aNLR
_j18.198.5.455
942 _cBOOK
980 _aNB